000 00872nas a2200277 4500
001 BR9800602
003 BR-BrBNA
005 20231205100725.0
007 ta
008 230509b bl.|||p| |||| 00| 00por d
040 _aBR-BrBNA
_bpor
_cBiblioteca Nacional de Agricultura
041 _a(Pt)
072 _aH20
100 1 _aPria, M.D.
100 1 _aBergamini Filho, A.
100 1 _aAmorim, L.
245 1 _aAvaliacao de diferentes meios de cultura na esporulacao de Colletotrichum lindemuthianum, Phaeoisariopsis griseola e Alternaria sp.
650 _aFungo
650 _aEsporulacao
650 _aAntracnose
650 _aMancha Angular
650 _aMancha de Alternaria
773 0 _tSumma Phytopathologica (Brazil)
_xISSN 0100-5405
_g(Apr-Jun 1997), v. 23(2) p. 181-183
_wBR9800602
909 _a202311
_bLúcia
_c55
_dLúcia Elande
942 _2AGRIS
_n0
_cANA
999 _c157687
_d157687